| 000 | 02999cam a22005294i 4500 | ||
|---|---|---|---|
| 003 | PE-LiUPU | ||
| 005 | 20250731183443.0 | ||
| 008 | 150706s2007 r 000 0 d | ||
| 020 | _a9789586839907 | ||
| 035 | _a(Sirsi) i9789586839907 | ||
| 040 |
_aPE-LiUPU _bspa _cPE-LiUPU _erda |
||
| 049 | _aPRUA | ||
| 082 | 0 | 4 |
_a720.986 _bM82 _221 |
| 100 | 1 |
_aMoure Eraso, Ernesto, _eautor. |
|
| 245 | 1 | 0 |
_aEspacios y formas residuales : _bUna interpretación del patrimonio construido / _cErnesto Moure Eraso. |
| 250 | _a1a ed. | ||
| 264 | 1 |
_aBogotá : _bEditorial Pontificia Universidad Javeriana, _c2007. |
|
| 300 |
_a54 páginas : _bilustraciones ; _c24 cm. |
||
| 336 |
_atext _2rdacontent |
||
| 337 |
_aunmediated _2rdamedia |
||
| 338 |
_avolume _2rdacarrier |
||
| 490 | 0 | _aColección Libros de investigación Vicerrectoría Académica | |
| 504 | _aIncluye bibliografía. | ||
| 505 | 0 | _aEspacios y formas residuales -- La residual en la arquitectura doméstica -- Análisis -- Cartagena de Indias -- Casa 1. Calle don sancho -- Casa 2. Calle de la universidad -- Casa 3. Calle de la factoría -- Casa 4. Calle de los siete infantes -- Algunos ejemplos de espacio interior -- Algunos ejemplos de repertorio formal -- Bogotá D.D -- Casa 1 -- Casa 2 -- Casa 3 -- Otras formas de interpretar el patrimonio construido. | |
| 526 | _aP158 | ||
| 526 | _aP146 | ||
| 526 | _aP17 | ||
| 526 | _aP12 | ||
| 526 | _aP06 | ||
| 541 | _g0020-0000434; | ||
| 541 | _g0020-0001186; | ||
| 650 | 0 | 4 |
_aArquitectura colombiana _ySiglo XIX. |
| 650 | 0 | 4 |
_aPatrimonio arquitectónico _zColombia _ySiglo XIX. |
| 650 | 0 | 4 |
_aArquitectura doméstica _zBogotá (Colombia) _ySiglo XIX. |
| 650 | 0 | 4 |
_aArquitectura colombiana _ySiglo XIX. |
| 650 | 0 | 4 |
_aAquitectura doméstica _zCartagena (Colombia) _ySiglo XIX. |
| 910 |
_agl _clch _d20130806 |
||
| 942 |
_2ddc _cBOOK |
||
| 949 |
_a720.986 M82 _wDEWEY _c1 _i67904 _lCCODEBUL1 _mBUL _p18.00 _r0 _sY _tBOOK _u2015-7-6 _xINGENIERIA _PP06 _o.STAFF. Colección General |
||
| 949 |
_a720.986 M82 _wDEWEY _c1 _i72887 _lCCODEBUL1 _mBUL _p17.77 _r0 _sY _tBOOK _u2016-05-04 _xINGENIERIA _PP06 _o.STAFF. Colección General |
||
| 994 |
_aC0 _bPEPRU |
||
| 596 | _a1 | ||
| 999 |
_a720.986 M82 _wDEWEY _c55415 _i67904 _d55415 _e2016-8-11 _f2021-11-9 _g7 _lCCODEBUL1 _mBUL _n1 _p18.00 _r0 _sY _tBOOK _u2015-7-6 _xINGENIERIA _PP06 _0COMPRA _o.STAFF. Colección Ingenieria y Arquitectura |
||
| 999 |
_a720.986 M82 _wDEWEY _c2 _i72887 _d2017-11-20 _e2017-11-14 _f2021-11-9 _g7 _lCCODEBUL1 _mBUL _n1 _p17.77 _r0 _sY _tBOOK _u2016-5-4 _xINGENIERIA _PP06 _0COMPRA _o.STAFF. Colección General |
||
| 999 |
_a720.986 M82 _wDEWEY _c3 _i74699 _d2018-6-3 _e2017-4-7 _f2021-11-9 _g7 _lCCODEBUL1 _mBUL _n2 _p18.00 _q1 _r0 _sY _tBOOK _u2016-9-26 _xINGENIERIA _PP06 _0COMPRA _o.STAFF. Colección Ingeniería y Arquitectura |
||
| 980 |
_81 _gALBERTO SANCHEZ Responsable de Automatización |
||